[Event "Thueringer Wald Schach-Cup 14th"]
[Site "Gotha"]
[Date "2012.11.10"]
[Round "6"]
[White "Von Otte, Wilhelm"]
[Black "Manger, Hans Gerald"]
[Result "1-0"]
[WhiteElo "2086"]
[BlackElo "2020"]
[PlyCount "97"]
[EventDate "2012.11.07"]
[EventType "swiss"]
[EventRounds "7"]
[EventCountry "GER"]
[SourceTitle "EXT 2013"]
[Source "ChessBase"]
[SourceDate "2012.11.22"]
[SourceVersion "1"]
[SourceVersionDate "2012.11.22"]
[SourceQuality "1"]

1. e4 c5 2. c3 e6 3. d4 cxd4 4. cxd4 Nf6 5. Nc3 d6 6. Be3 Be7 7. Rc1 0-0 8. Bd3 Nc6 9. h3 Bd7 10. f4 Ne8 11. Nge2 f5 12. 0-0 Nb4 13. Bb1 fxe4 14. Bxe4 d5 15. Bb1 Nd6 16. a3 Nc6 17. f5 Nxf5 18. Bxf5 Rxf5 19. Rxf5 exf5 20. Nxd5 Bg5 21. Ndf4 Qe7 22. Bf2 Re8 23. d5 Qe4 24. dxc6 Bxc6 25. Rxc6 bxc6 26. g3 Qf3 27. Nc3 Qxd1+ 28. Nxd1 a6 29. Ne3 g6 30. Kg2 Bf6 31. Nc4 Re4 32. b3 Be7 33. Kf3 g5 34. Nd3 h5 35. Bc5 g4+ 36. hxg4 hxg4+ 37. Kf2 Bg5 38. Be3 Be7 39. a4 Bf8 40. Nde5 c5 41. Nd7 Be7 42. Bxc5 Bg5 43. Be3 Be7 44. Ndb6 Kh7 45. Nd5 Bd8 46. Ke2 Kg6 47. Kd3 Kh5 48. Nd6 Re5 49. Nf4+ 1-0

[Event "Thueringer Wald Schach-Cup 14th"]
[Site "Gotha"]
[Date "2012.11.07"]
[Round "1"]
[White "Manger, Hans Gerald"]
[Black "Hofmann, Jens"]
[Result "1-0"]
[WhiteElo "2020"]
[BlackElo "1780"]
[PlyCount "49"]
[EventDate "2012.11.07"]
[EventType "swiss"]
[EventRounds "7"]
[EventCountry "GER"]
[SourceTitle "EXT 2013"]
[Source "ChessBase"]
[SourceDate "2012.11.22"]
[SourceVersion "1"]
[SourceVersionDate "2012.11.22"]
[SourceQuality "1"]

1. d4 Nf6 2. c4 e6 3. Nf3 b6 4. Nc3 Bb4 5. a3 Bxc3+ 6. bxc3 0-0 7. Bg5 h6 8. Bh4 Bb7 9. e3 Be4 10. Bd3 Bxd3 11. Qxd3 d5 12. 0-0 g5 13. Bg3 Ne4 14. cxd5 Nxg3 15. fxg3 exd5 16. Ne5 Qe7 17. Qf5 f6 18. Ng4 Kg7 19. Qxd5 Nd7 20. e4 c5 21. Ne3 Qf7 22. Qf5 Rae8 23. Qh3 h5 24. Nf5+ Kg8 25. Nh6+ 1-0

[Event "Thueringen-ch MT"]
[Site "Finsterbergen"]
[Date "2000.04.20"]
[Round "3"]
[White "Kirschbaum, Gunnar"]
[Black "Manger, Hans Gerald"]
[Result "1/2-1/2"]
[WhiteElo "2111"]
[BlackElo "2011"]
[PlyCount "147"]
[EventDate "2000.04.??"]
[EventType "tourn"]
[EventRounds "9"]
[EventCountry "GER"]
[SourceTitle "EXT 2005"]
[Source "ChessBase"]
[SourceDate "2004.11.15"]
[SourceVersion "1"]
[SourceVersionDate "2004.11.15"]
[SourceQuality "1"]

1. d4 d5 2. c4 c6 3. Nf3 Nf6 4. Qc2 e6 5. Bg5 Nbd7 6. cxd5 exd5 7. Nc3 Bd6 8. e3 0-0 9. Bd3 h6 10. Bh4 Re8 11. Bg3 Qe7 12. Bxd6 Qxd6 13. 0-0 b6 14. Rab1 Bb7 15. b4 Qe7 16. Bf5 Ne4 17. Rfc1 Nef6 18. a4 g6 19. Bd3 Ne4 20. Bxe4 dxe4 21. Nd2 f5 22. a5 Qe6 23. Ne2 g5 24. Qc4 Kg7 25. Qxe6 Rxe6 26. d5 Rf6 27. dxc6 Bxc6 28. Nd4 Ne5 29. b5 Bd5 30. Rc7+ Kg6 31. a6 Nd3 32. f3 Nc5 33. fxe4 Nxe4 34. Nxe4 Bxe4 35. Rbc1 Rf7 36. Rxf7 Kxf7 37. Rc7+ Kf6 38. Kf2 h5 39. g3 Kg6 40. h4 g4 41. Ne6 Kh6 42. Ke2 Bd5 43. Nf4 Be4 44. Kd2 Rd8+ 45. Kc3 Rd1 46. Rxa7 Rc1+ 47. Kd4 Rc5 48. Ne6 Rxb5 49. Rd7 Kg6 50. Nc7 Rb3 51. Rd6+ Kg7 52. a7 Ra3 53. Nb5 Ra6 54. Kc3 Bg2 55. Kb4 Be4 56. Rd8 Bc6 57. Rb8 Be4 58. Re8 Bc6 59. Re7+ Kf6 60. Re6+ Kxe6 61. Nc7+ Ke5 62. Nxa6 Ke4 63. Nb8 Ba8 64. Nd7 Kxe3 65. Nxb6 Bb7 66. Nc4+ Kf3 67. Nd6 Kxg3 68. Nxb7 Kh2 69. a8Q g3 70. Nd6 g2 71. Qa2 Kh1 72. Qd5 Kh2 73. Qe5+ Kh1 74. Qd5 1/2-1/2

[Event "Thueringen-ch MT"]
[Site "Finsterbergen"]
[Date "2000.04.20"]
[Round "2"]
[White "Manger, Hans Gerald"]
[Black "Kraemer, Martin"]
[Result "1/2-1/2"]
[WhiteElo "2011"]
[BlackElo "1823"]
[PlyCount "44"]
[EventDate "2000.04.??"]
[EventType "tourn"]
[EventRounds "9"]
[EventCountry "GER"]
[SourceTitle "EXT 2005"]
[Source "ChessBase"]
[SourceDate "2004.11.15"]
[SourceVersion "1"]
[SourceVersionDate "2004.11.15"]
[SourceQuality "1"]

1. d4 Nf6 2. c4 g6 3. Nc3 Bg7 4. e4 d6 5. h3 0-0 6. Bd3 e5 7. d5 Nh5 8. g4 Nf4 9. Bxf4 exf4 10. Qd2 g5 11. Nf3 Nd7 12. 0-0-0 Ne5 13. Nxe5 Bxe5 14. f3 c6 15. Kb1 Rb8 16. Ne2 Bd7 17. h4 f6 18. hxg5 fxg5 19. Rh6 Be8 20. Rdh1 Bg6 21. Nc3 Qf6 22. Qh2 Rf7 1/2-1/2